Estadísticas para Cuerpo Humano por Letra - B

Haz click aquí para intentar la prueba.

Estadísticas generales

  • Esta prueba ha sido intentada 104 veces
  • La puntuación promedio es 8 de 15

Estadísticas de respuestas

DefiniciónRespuesta% Correcto
Fluido producido por el hígado que ayuda a la digestión de grasasBilis
90%
Músculo grande y grueso del brazo que está formado por dos cabezasBíceps
84%
Abertura anterior del tubo digestivo, los labios son parte de ella.Boca
83%
Tipo de microorganismo compuesto por una sola célulaBacteria
80%
Organo linfático situado en el lado izquierdo del abdomen que produce linfocitos.Bazo
80%
Grandes conductos de aire que van de la tráquea a los pulmones.Bronquios
74%
Muestra de tejido de cualquier parte del cuerpo del que se sospecha una enfermedad.Biopsia
65%
Inflamación del recubrimiento de los tubos respiratorios que produce flema al toser.Bronquitis
61%
Bacteria de forma cilíndrica alargada.Bacilo
38%
Ritmo cardíaco lento.Bradicardia
38%
Rama pequeña de conductos de aire en los pulmones.Bronquiolos
38%
Sustancia que se forma cuando los glóbulos rojos se descomponen.Bilirrubina
20%
Tipo de células que producen insulina, una hormona que controla el nivel de glucosa.Beta
16%
Protuberancia redondeada que presentan ciertos órganos o partes de ellos.Bulbo
10%
Vena de largo recorrido del miembro superior que ayuda a drenar la sangre del antebrazo.Basílica
9%

Distribución de puntuación

Porcentaje por número respondido

Porcentaje de gente con cada puntuación

Historial de tus puntuaciones

No has intentado esta prueba.